00434nam a2200133Ia 4500100002000000942000700020366000700027245003500034260004600069300000800115546001200123999001700135952014800152 aJOSHI VASANT/S  cBK f50 aMADRASCHI MARATHI HASTALIKHITE bRAJYA MARATHI VIKAS SANSTHAaMumbaic1996 a208 aMARATHI c21616d21616 001040708AFTaCRCEbCRCEd2023-03-17eRAJYA MARATHI VIKAS SANSTHAg12.50i10775 INDENT NO.l0o pAFT8271r2023-03-17v25.00w0000-00-00yBK